MLB No. 1 Overall Draft Picks Since 2000 - Statistics

General Stats
  • This quiz has been taken 6 times
  • The average score is 13 of 26
Answer Stats
Year Team Player % Correct
2019 Orioles Adley Rutschman
100%
2010 Nationals Bryce Harper
100%
2012 Astros Carlos Correa
100%
2023 Pirates Paul Skenes
100%
2022 Orioles Jackson Holliday
83%
2020 Tigers Spencer Torkelson
83%
2025 Nationals Eli Willits
67%
2021 Pirates Henry Davis
67%
2016 Phillies Mickey Moniack
67%
2017 Twins Royce Lewis
67%
2009 Nationals Stephen Strasburg
67%
2024 Guardians Travis Bazzana
67%
2018 Tigers Casey Mize
50%
2007 Rays David Price
50%
2001 Twins Joe Mauer
50%
2013 Astros Mark Appel
50%
2000 Marlins Adrian Gonzalez
33%
2015 Diamondbacks Dansby Swanson
33%
2011 Pirates Gerrit Cole
33%
2005 Diamondbacks Justin Upton
17%
2004 Padres Matt Bush
17%
2014 Astros* Brady Aiken
0%
2002 Pirates Bryan Burlington
0%
2003 Rays Delmon Young
0%
2006 Royals Luke Hochevar
0%
2008 Rays Tim Beckham
0%
No matching quizzes found
Score Distribution
Percent of People with Each Score
Percentile by Number Answered
Your Score History
You have not taken this quiz